La dislexia : (Registro nro. 8337)

Detalles MARC
000 -LIDER
fixed length control field 00978nam a22002897a 4500
001 - NÚMERO DE CONTROL
Identificador de número de control 0074
003 - IDENTIFICACDOR DE NÚMERO DE CONTROL
control field DO-SdBNP
005 - DATE AND TIME OF LATEST TRANSACTION
control field 20171109101257.0
007 - CAMPOS FIJOS DE DESCRIPCIÓN FÍSICA
fixed length control field 0074
008 - ELEMENTOS DE LONGITUD FIJA
fixed length control field 151007b sp 1989 sp |||| |||| 00| 0 spa d
020 ## - ISBN
International Standard Book Number 9788485252121
040 ## - FUENTE DE CATALOGACIÓN
Agencia que crea de manera original el registro BPMSU
Idioma de catalogación spa
Agencia que realiza la transcripción BPMSU
082 #4 - NÚMERO DE CLASIFICACIÓN DECIMAL DE DEWEY
Classification number 371.9144
Item number F363d, 1989
100 10 - ASIENTO PRINCIPAL -- NOMBRE PERSONAL
Nombre personal Fernández Baroja, Fernanda
245 13 - MENCIÓN DE TITULO
Título La dislexia :
Subtítulo origen, diagnostico y recuperación /
Mención de responsabilidad Fernanda Fernández Baroja, Ana María Llopis Paret, Carmen Pablo de Riego; prólogo Isabel Díaz Arnal
250 ## - MENCIÓN DE EDICION
Mención de edición 11a ed.
260 ## - PUBLICACIÓN, DISTRIBUCIÓN, ETC. (PIE DE IMPRENTA)
Lugar de publicación, distribución, etc Madrid, España :
Nombre del editor, distribuidor, etc. Ciencias de la educación preescolar y especial,
Fecha de publicación, distribución, etc 1989
300 ## - DESCRIPCIÓN FÍSICA
Extensión 214 p. :
Otros detalles físicos il.,
Dimensiones 24 cm.
490 10 - MENCIÓN DE SERIES
Mención de serie Educación especial
Volume/sequential designation 2
700 10 - ASIENTO SECUNDARIO -- NOMBRE PERSONAL
Nombre personal Llopis Paret, Ana María
700 10 - ASIENTO SECUNDARIO -- NOMBRE PERSONAL
Nombre personal Riesgo, Carmen Pablo de
700 10 - ASIENTO SECUNDARIO -- NOMBRE PERSONAL
Nombre personal Díaz Arnal, Isabel,
Mención de responsabilidad pról.
830 10 - ASIENTO SECUNDARIO DE SERIE--TÍTULO UNIFORME
Título uniforme Educación especial
Número de la parte o sección de una obra 2
942 ## - ADDED ENTRY ELEMENTS (KOHA)
Source of classification or shelving scheme Dewey Decimal Classification
Koha item type Libros
945 ## - INFORMACIÓN DE PROCESAMIENTO LOCAL
Información de procesamiento local Inventariado extranjero / 2017 VM
956 ## - LOCAL ELECTRONIC LOCATION AND ACCESS (OCLC)
Nombre de host Brenda Tavárez
Existencias
Withdrawn status Lost status Source of classification or shelving scheme Damaged status Not for loan Collection code Home library Current library Date acquired Source of acquisition Total Checkouts Full call number Barcode Date last seen Price effective from Koha item type Copy number
    Dewey Decimal Classification     Colección General Biblioteca Pública Metropolitana Salomé Ureña Biblioteca Pública Metropolitana Salomé Ureña 10/07/2015 Donado Fundación Economía y Desarrollo   371.9144 F363d 1989 BPMSU15100056 10/07/2015 10/07/2015 Libros  
    Dewey Decimal Classification     Colección General Biblioteca Pública Metropolitana Salomé Ureña Biblioteca Pública Metropolitana Salomé Ureña 10/07/2015 Donado Fundación Economía y Desarrollo   371.9144 F363d 1989 BPMSU15100057 10/07/2015 10/07/2015 Libros e. 2
    Dewey Decimal Classification     Colección General Biblioteca Pública Metropolitana Salomé Ureña Biblioteca Pública Metropolitana Salomé Ureña 10/07/2015 Donado Fundación Economía y Desarrollo   371.9144 F363d 1989 BPMSU15100058 10/07/2015 10/07/2015 Libros e. 3